<?xml version="1.0" encoding="UTF-8"?>
<record
    xmlns:xsi="http://www.w3.org/2001/XMLSchema-instance"
    xsi:schemaLocation="http://www.loc.gov/MARC21/slim http://www.loc.gov/standards/marcxml/schema/MARC21slim.xsd"
    xmlns="http://www.loc.gov/MARC21/slim">

  <leader>04043cam a22004574i 4500</leader>
  <controlfield tag="003">PE-LiUPU</controlfield>
  <controlfield tag="005">20250731173336.0</controlfield>
  <controlfield tag="008">150706s                r     000 0     d</controlfield>
  <datafield tag="020" ind1=" " ind2=" ">
    <subfield code="a">9780664220846</subfield>
  </datafield>
  <datafield tag="035" ind1=" " ind2=" ">
    <subfield code="a">(Sirsi) i9780664220846</subfield>
  </datafield>
  <datafield tag="040" ind1=" " ind2=" ">
    <subfield code="a">PE-LiUPU</subfield>
    <subfield code="b">spa</subfield>
    <subfield code="c">PE-LiUPU</subfield>
    <subfield code="e">rda</subfield>
  </datafield>
  <datafield tag="049" ind1=" " ind2=" ">
    <subfield code="a">PRUA</subfield>
  </datafield>
  <datafield tag="082" ind1="0" ind2="4">
    <subfield code="a">221.07</subfield>
    <subfield code="b">OTL</subfield>
    <subfield code="2">21</subfield>
  </datafield>
  <datafield tag="100" ind1="1" ind2=" ">
    <subfield code="a">Sweeney, Marvin A. ,</subfield>
    <subfield code="e">autor.</subfield>
  </datafield>
  <datafield tag="245" ind1="1" ind2="0">
    <subfield code="a">I and II Kings :</subfield>
    <subfield code="b">A commentary /</subfield>
    <subfield code="c">Marvin A. Sweeney.</subfield>
  </datafield>
  <datafield tag="264" ind1=" " ind2="1">
    <subfield code="a">Louisville, Kentucky :</subfield>
    <subfield code="b">Westminster John Knox Press,</subfield>
    <subfield code="c">2007.</subfield>
  </datafield>
  <datafield tag="300" ind1=" " ind2=" ">
    <subfield code="a">476 p&#xE1;ginas ;</subfield>
    <subfield code="c">23 cent&#xED;metros.</subfield>
  </datafield>
  <datafield tag="336" ind1=" " ind2=" ">
    <subfield code="a">text</subfield>
    <subfield code="2">rdacontent</subfield>
  </datafield>
  <datafield tag="337" ind1=" " ind2=" ">
    <subfield code="a">unmediated</subfield>
    <subfield code="2">rdamedia</subfield>
  </datafield>
  <datafield tag="338" ind1=" " ind2=" ">
    <subfield code="a">volume</subfield>
    <subfield code="2">rdacarrier</subfield>
  </datafield>
  <datafield tag="490" ind1="0" ind2=" ">
    <subfield code="a">(The Old Testament Library)</subfield>
  </datafield>
  <datafield tag="505" ind1="0" ind2=" ">
    <subfield code="a">The death of David and designation of Solomon as his successor: 1 kings 1: 1-2:11 -- Regnal account of Solomon ben David: 1Kings 2: 12-14:20 -- Regnal account of Rehoboam ben Solomon of Judah: 1 Kings 14:21-31 -- Regnal account of Abijam ben Rehoboam of Judah: 1 Kings 15:1-8 -- Regnal account of Asa ben Abijam of Judah: 1 Kings 15:9-24 -- Regnal account of Nadab ben Jeroboam of Israel: 1 Kings 15:25-32 -- Regnal account of Baasha ben Ahijah of Israel: 1 Kings 15:33-16:7 -- Regnal account of Elah ben Baasha of Israel: 1 Kings 16:8-14 -- Regnal account of Zimri of Israel: 1 Kings 16:15-22 -- Regnal account of Omri of Israel: 1 Kings 16: 23-28 -- Regnal account of Ahab ben Omri of Israel:  1 Kings 16:29-22:40 -- Regnal account of Jehoshaphat ben Asa of Judah: 1 Kings 22:41-51 -- Regnal account of Ahaziah ben Ahab of Israel: 1 Kings 22:52-2 Kings 2:25 -- Regnal account of Jehoram ben Ahab of Israel:  2 Kings 3:1-8:15 -- Regnal account of Jehoram ben Jehoshaphat of Judah: 2 Kings 8:16-24 -- Regnal account of Ahaziah ben Jehoram of Judah:  2 Kings 8:25-11:20 -- Regnal account of Jehoash ben Ahaziah of Judah:  2 Kings 12:1-22 -- Regnal account of Jehoahaz ben Jehu of Israel: 2 Kings 13:1-9 -- Regnal account of Jehoash ben Jehoahaz of Israel:  2 Kings 13:10-25 -- Regnal account of Amaziah ben Joash of Judah:  2 Kings 14:1-22 -- Regnal account of Jeroboam ben Joash Of Israel:14:23-29 -- Regnal account of Azariah (Uzziah) ben Amaziah of Judah: 2 Kings 15:1-7 -- Regnal account of Zechariah ben Jeroboam of Israel: 2 Kings 15:8-12 -- Regnal account of Shallum ben Jabesh of Israel: 2 Kings 15: 13-16 -- Regnal account of Menahen ben Gadi of Israel: 2 Kings 15:17-22 -- Regnal account of Pekahiah ben Menahem Of Israel: 2 Kings 15:23-26 -- Regnal account of Pekah ben Remaliah of Israel: 2 Kings 15:27-31 -- Regnal account of Jotham ben Uzziah of Judah: 2 Kings 15:32-38 -- Regnal account of Ahaz ben Jotham of Judah: 2 Kings 16:1-20 -- Regnal account of Hoshea ben Elah of Israel: 2 Kings 17:1-41 -- Regnal account of Hezekiah ben Ahaz of Judah: 18:1-20:21 -- Regnal account of Manasseh ben Hezekiah of Judah:  2 Kings 21:1-18 -- Regnal account of Amon ben Manasseh of Judah: 2 Kings 21:19-26 -- Regnal account of Josiah ben Amon of Judah: 2 Kings 22:1-23:30 -- Regnal account of Jehoahaz ben Josiah of Judah: 2 Kings 23:31-35 -- Regnal account of Jehoiakim ben Josiah of Judah: 2 Kings 23:36-24:7 -- Regnal account of Jehoiachin ben Jehoiakim of Judah: 2 Kings 24:8-17 -- Regnal account of Zedekiah ben Josiah of Judah and the consequences of his reign: The exile of Jerusalem and Judah: 2 Kings 24:18-25:30.</subfield>
  </datafield>
  <datafield tag="526" ind1=" " ind2=" ">
    <subfield code="a">SEG42</subfield>
  </datafield>
  <datafield tag="526" ind1=" " ind2=" ">
    <subfield code="a">SEG41</subfield>
  </datafield>
  <datafield tag="526" ind1=" " ind2=" ">
    <subfield code="a">SEG40</subfield>
  </datafield>
  <datafield tag="526" ind1=" " ind2=" ">
    <subfield code="a">SEG39</subfield>
  </datafield>
  <datafield tag="526" ind1=" " ind2=" ">
    <subfield code="a">P94</subfield>
  </datafield>
  <datafield tag="526" ind1=" " ind2=" ">
    <subfield code="a">P87</subfield>
  </datafield>
  <datafield tag="526" ind1=" " ind2=" ">
    <subfield code="a">P86</subfield>
  </datafield>
  <datafield tag="526" ind1=" " ind2=" ">
    <subfield code="a">P85</subfield>
  </datafield>
  <datafield tag="526" ind1=" " ind2=" ">
    <subfield code="a">P77</subfield>
  </datafield>
  <datafield tag="526" ind1=" " ind2=" ">
    <subfield code="a">P76</subfield>
  </datafield>
  <datafield tag="526" ind1=" " ind2=" ">
    <subfield code="a">P35</subfield>
  </datafield>
  <datafield tag="630" ind1=" " ind2=" ">
    <subfield code="a">Biblia.</subfield>
    <subfield code="p">I Reyes</subfield>
    <subfield code="x">Cr&#xED;tica e interpretaci&#xF3;n</subfield>
  </datafield>
  <datafield tag="630" ind1=" " ind2="0">
    <subfield code="a">Biblia.</subfield>
    <subfield code="p">G&#xE1;latas</subfield>
    <subfield code="x">Cr&#xED;tica, interpretaci&#xF3;n etc.</subfield>
    <subfield code="9">1250</subfield>
  </datafield>
  <datafield tag="910" ind1=" " ind2=" ">
    <subfield code="a">gl</subfield>
  </datafield>
  <datafield tag="942" ind1=" " ind2=" ">
    <subfield code="2">ddc</subfield>
    <subfield code="c">BK</subfield>
  </datafield>
  <datafield tag="949" ind1=" " ind2=" ">
    <subfield code="a">221.07 OTL 11</subfield>
    <subfield code="w">DEWEY</subfield>
    <subfield code="c">1</subfield>
    <subfield code="i">59775</subfield>
    <subfield code="l">CCODEBUL1</subfield>
    <subfield code="m">BUL</subfield>
    <subfield code="p">37.00</subfield>
    <subfield code="r">0</subfield>
    <subfield code="s">Y</subfield>
    <subfield code="t">BOOK</subfield>
    <subfield code="u">2015-7-6</subfield>
    <subfield code="x">TEOLOGIA</subfield>
    <subfield code="z">UNKNOWN</subfield>
    <subfield code="0">COMPRA</subfield>
    <subfield code="o">.STAFF. Colecci&#xF3;n General</subfield>
  </datafield>
  <datafield tag="999" ind1=" " ind2=" ">
    <subfield code="c">49308</subfield>
    <subfield code="d">49308</subfield>
  </datafield>
  <datafield tag="980" ind1=" " ind2=" ">
    <subfield code="8">1</subfield>
    <subfield code="g">ALBERTO SANCHEZ Responsable de Automatizaci&#xF3;n</subfield>
  </datafield>
  <datafield tag="952" ind1=" " ind2=" ">
    <subfield code="r">2025-12-02 00:00:00</subfield>
    <subfield code="i">6</subfield>
    <subfield code="l">1</subfield>
    <subfield code="o">221.07 OTL</subfield>
    <subfield code="p">59775</subfield>
    <subfield code="s">2024-10-03</subfield>
    <subfield code="t">e1</subfield>
    <subfield code="v">42.00</subfield>
    <subfield code="w">2015-07-06</subfield>
    <subfield code="x">PG</subfield>
    <subfield code="y">BK</subfield>
    <subfield code="z">inventario-2023-12-13</subfield>
    <subfield code="1">0</subfield>
    <subfield code="2">ddc</subfield>
    <subfield code="3">v11</subfield>
    <subfield code="5">0</subfield>
    <subfield code="7">0</subfield>
    <subfield code="8">GEN</subfield>
    <subfield code="f">P87</subfield>
    <subfield code="a">BUL</subfield>
    <subfield code="b">BUL</subfield>
    <subfield code="c">GEN</subfield>
    <subfield code="d">2015-07-06</subfield>
    <subfield code="e">COMPRA</subfield>
    <subfield code="g">37.00</subfield>
  </datafield>
</record>
